Library Catalog

Straight Jacket : (Record no. 492709)

MARC details
000 -LEADER
fixed length control field 01087nam a22002297a 4500
003 - CONTROL NUMBER IDENTIFIER
control field OSt
005 - DATE AND TIME OF LATEST TRANSACTION
control field 20260512114005.0
008 - FIXED-LENGTH DATA ELEMENTS--GENERAL INFORMATION
fixed length control field 260512b |||||||| |||| 00| 0 eng d
020 ## - INTERNATIONAL STANDARD BOOK NUMBER
International Standard Book Number 9780593069776
040 ## - CATALOGING SOURCE
Original cataloging agency Kenya National Library Service
Description conventions rda
082 ## - DEWEY DECIMAL CLASSIFICATION NUMBER
Classification number 306.766TOD
100 ## - MAIN ENTRY--PERSONAL NAME
Personal name Todd, Matthew
Relator term author
245 ## - TITLE STATEMENT
Title Straight Jacket :
Remainder of title how to be gay and happy /
Statement of responsibility, etc. Matthew Todd
300 ## - PHYSICAL DESCRIPTION
Extent xiii, 369 pages ;
Dimensions 25 cm.
500 ## - GENERAL NOTE
General note Includes index
520 ## - SUMMARY, ETC.
Summary, etc. Straight Jacket is a revolutionary clarion call for gay men, the wider LGBT community, their friends and family. Part memoir, part ground-breaking polemic, it looks beneath the shiny facade of contemporary gay culture and asks if gay people are as happy as they could be - and if not, why not? Meticulously researched, courageous and life-affirming, Straight Jacket offers invaluable practical advice on how to overcome a range of difficult issues.
650 ## - SUBJECT ADDED ENTRY--TOPICAL TERM
Topical term or geographic name entry element Gay men
Form subdivision Mental health
650 ## - SUBJECT ADDED ENTRY--TOPICAL TERM
Topical term or geographic name entry element Gay culture
942 ## - ADDED ENTRY ELEMENTS (KOHA)
Source of classification or shelving scheme Dewey Decimal Classification
Koha item type Books
Suppress in OPAC No

No items available.

© 2025, Kenya National Library Service | Designed & Maintained by Uvumbuzi Center